Pics de mas de 2.000 metres (Record no. 95381)

MARC details
000 -LEADER
campo de control de longitud fija 00583nam a2200169 i 4500
001 - NÚMERO DE CONTROL
campo de control 95381
003 - IDENTIFICADOR DE NÚMERO DE CONTROL
campo de control ES-MaACL
005 - FECHA Y HORA DE LA ÚLTIMA TRANSACCIÓN
campo de control 20230906181708.0
007 - CAMPO FIJO DE DESCRIPCIÓN FÍSICA--INFORMACIÓN GENERAL
campo de control de longitud fija t|
008 - DATOS DE LONGITUD FIJA--INFORMACIÓN GENERAL
campo de control de longitud fija 050527s1963 sp ||||1| cat d
100 1# - ENTRADA PRINCIPAL--NOMBRE DE PERSONA
Nombre de persona Llaudo y Majoral, José.
9 (RLIN) 72728
245 10 - MENCIÓN DEL TÍTULO
Título Pics de mas de 2.000 metres
Resto del título : Pirineu catalá /
Mención de responsabilidad, etc. Josep Llaudó i Majoral.
260 ## - PUBLICACIÓN, DISTRIBUCIÓN, ETC.
Lugar de publicación, distribución, etc. Barcelona :
Nombre del editor, distribuidor, etc. Rafael Dalmau,
Fecha de publicación, distribución, etc. 1963.
300 ## - DESCRIPCIÓN FÍSICA
Extensión 80 p., 5 map. pleg. ;
Dimensiones 17 cm.
500 ## - NOTA GENERAL
Nota general Precede al tít.: Arxin Bibliografic Excursionista de la Unió Excursionista de Catalunya.
852 ## - LOCALIZACIÓN
Ubicación ES-MaACL
Número de control de estantería C-24692
Sublocalización o colección R.53210
Holdings
Estatus retirado Estado de pérdida Estado de daño No para préstamo Biblioteca de origen Biblioteca actual Ubicación en estantería Fecha de adquisición Fuente de adquisición Total de préstamos Signatura topográfica completa Código de barras Visto por última vez Precio de reemplazo Tipo de ítem Koha
        Biblioteca del Ateneo de Madrid Biblioteca del Ateneo de Madrid Depósito 2 17/01/2008     C-24692 1099597 23/02/2023 23/02/2023 Libro impreso